| 000 | 01349nam0a22002531 4500 | ||
|---|---|---|---|
| 001 | rc\3909366 | ||
| 005 | 20250611020102.0 | ||
| 021 |
_aRU _b[56-39681] |
||
| 035 | _a(NLR Aleph) 008018323 | ||
| 090 |
_a8744496 _c8744496 |
||
| 100 | _a20130415d1956 |||y0rusy50 ca | ||
| 101 | 0 | _arus | |
| 102 | _aRU | ||
| 105 | _ay z ||||| | ||
| 200 | 1 |
_aСборник аннотаций докладов научно-производственной сессии окончивших АзИИ совместно с профессорско-преподавательским составом _fМ-во высш. образования СССР. Азерб. ордена Труд. Красного Знамени индустр. ин-т им. М. Азизбекова |
|
| 210 |
_aБаку _cБ. и. _d1956 |
||
| 215 |
_a73 с. _d23 |
||
| 606 |
_aТехника _jАннотации докладов _2psbo |
||
| 710 | 1 | 2 | _aАзербайджанский институт нефти и химии им. М. Азизбекова (Баку). Научно-производственная сессия окончивших Институт совместно с профессорско-преподавательским составом (1956) |
| 801 | 0 |
_aRU _bNLR _gpsbo |
|
| 801 | 1 |
_aRU _bELAR _2rusmarc |
|
| 852 |
_aNLR _jТ10 Г-6/328 |
||
| 942 | _cBOOK | ||
| 980 | _aNB | ||